| 000 | 00884nam a2200253 a 4500 | ||
|---|---|---|---|
| 001 | BRCA_9090 | ||
| 003 | FranzMayer | ||
| 005 | 20230726113355.0 | ||
| 008 | 021017s1738----it-#######---#000-0#lat-# | ||
| 040 |
_aMFM _besp _cMFM |
||
| 041 | _alat | ||
| 044 | _ait | ||
| 050 | 4 |
_bDCON3 _aP53 1738 |
|
| 100 | 1 |
_aPlatelli, Jacobi _922029 |
|
| 245 | 1 | 0 |
_aR.P. Jacobi Platelli è Societate Jesu, Ss. Theolog. in Universitate Duacena Professoris, Synopsis Universi cursus theologici accuratissima _btomus quartus, continens de Jure, & Justitia. |
| 260 |
_aVenetiis _bApud Josephum Corona _c1738 |
||
| 300 |
_a380 p. (t.4) _c15 x 9 cm. |
||
| 500 | _aSuperiorum permissu, ac Privilegio | ||
| 500 | _aEstado físico: presenta encuadernación en pergamino | ||
| 500 | _aNúmero de control : 00005 | ||
| 650 | 1 | 4 |
_aTeología _yObras anteriores a 1800 _922466 |
| 902 | _aDCON | ||
| 942 |
_2lcc _cB |
||
| 999 |
_c8740 _d8740 |
||